000 00318nam a22001337a 4500
008 170831b xxu||||| |||| 00| 0 eng d
020 _a9780155063488
041 _aeng
080 _25 ED
_a070
100 _a40
101 _aMED
245 _aSTRATEGIES ORGANIZATIONAL COMMUNICATION
_cCONRAD .D
942 _2udc
_cBK
999 _c25836
_d25836